Datum a čas kvízu
27
Celkem bodů
Celkový počet nahraných bodů na tomto kvízu bez doplňovacích otázek.
6.
Pořadí na kvízu
Konečné umístění týmu na tomto kvízu.
Zaznamenané odpovědi
| # | Otázka | Odpověď | Body | Výsledky |
|---|---|---|---|---|
| 1. | Počátkem týdne jsme mohli sled... | Český les | 1 | |
| 2. | Norští archeologové našli v le... | lyže | 0 | |
| 3. | Nakladatelství DC Comics, kter... | Superman | 1 | |
| 4. | Po 75 letech existence minulý... | Alitalia | 0 | |
| 5. | Jak se jmenuje desetiletý ryzá... | Talent | 1 | |
| 6. | Pokřín obecný je rostlina, kte... | mandragora | 1 | |
| 7. | Blahočet je jehličnatý strom j... | araukárie | 0 | |
| 7. | Túje, dřevina z rodu cypřišovi... | zerav | 0 | |
| 9. | Ledvinovník západní je tropick... | oříšky kešu | 0 | |
| 10. | Paznehtník je metr vysoká byli... | akant | 0 |